Through African eyes.
Saved in:
| 主要作者: | |
|---|---|
| 格式: | 图书 |
| 出版: |
Cambridge :
Cambridge U. P.,
c1966.
|
| 主题: | |
| 标签: |
添加标签
没有标签, 成为第一个标记此记录!
|
MARC
| LEADER | 00000cam a2200000u 4500 | ||
|---|---|---|---|
| 020 | |a NA | ||
| 040 | |a MUL |b eng |e AACR | ||
| 082 | |a 828.996 EDW | ||
| 100 | 1 | |a Edwards, Paul, | |
| 245 | 1 | 0 | |a Through African eyes. |c / Paul Edwards |
| 260 | |a Cambridge : |b Cambridge U. P., |c c1966. | ||
| 300 | |a v. 2 vii, 117 p. ; |c 22 cm. | ||
| 546 | |a eng | ||
| 650 | 0 | |a African literature | |
| 942 | |c BK | ||
| 999 | |c 6428 |d 6428 | ||